000 00207nam a22000977a 4500
999 _c529915
_d529915
040 _cDLC
082 _a297.122
_bNAZ
100 _aAhmad, Chaudhry Nazeer
_922938
245 _aAhkam ul Quran
942 _2ddc
_cBK